За официалния език на Република Северна Македония (Запис номер 413919)
[ съкратено ]
| 000 -Лидер | |
|---|---|
| Контролно поле с фиксирана дължина | nam a22 a 4500 |
| 003 - Код на организацията, давaща контролен номер | |
| Контролно поле | BLK |
| 005 - Дата и час на последна редакция | |
| Контролно поле | 20221208031058.0 |
| 008 - Елементи от данни с фиксирана дължина | |
| fixed length control field | 210513b bu |||||r|||| 00| | bu d |
| 020 ## - Международен стандартен номер на книга ISBN | |
| Международен стандартен номер на книга ISBN | 9786192450427 |
| 040 ## - Източник на каталожния запис | |
| Идентификатор на билиотеката - собственик на записа | BLK |
| 041 ## - Код за език | |
| Код за езика на текст/звукозапис или на отделно заглавие | Български |
| Код за езика КДБФ | Български |
| 080 ## - УДК | |
| Текстов определител УДК | Македонски език |
| УДК код - определител по УДК | 811.163.3 |
| УДК - код + определител | 811.163.3 |
| 139 ## - Редно поле | |
| Редна дума | За официалния език на Република Северна Македония |
| Авторски знак | Заб - З 12 |
| 245 ## - Сведения за заглавието | |
| Заглавие | За официалния език на Република Северна Македония |
| Редно поле (дума) | Ана Кочева и др. |
| 257 ## - Страна на издаване | |
| Страна на създаване/издаване | България |
| 260 ## - Област на издателските данни | |
| 9 (RLIN) | 209388 |
| Място на издаване, разпространение и проч. | София |
| Име на издателя, разпространителя и проч. | Акад. изд. Проф. Марин Дринов |
| Година на издаване | 2020 |
| Издателство - префикс ISBN | 978-954-322- ; 954-430- |
| 300 ## - Физическа характеристика | |
| Страници | 64 с. |
| Илюстрации и др. | с цв. ил., к., факс. |
| Размери/Мащаб | 24 см |
| 380 ## - Жанр | |
| Жанр | Езикознание. Филология |
| 500 ## - Общи забележки | |
| Забележка | Други авт.: Анна Чолева-Димитрова, Ваня Мичева, Георги Николов, |
| 504 ## - Забележка за наличие на библиография и др | |
| Забележка за наличие на библиография и под. | Библиогр.: с. 57-59 |
| 650 #0 - Допълнително описание по предмет – тема | |
| 9 (RLIN) | 283283 |
| Основно описание – тема или топоним | Македонски език |
| 650 #0 - Допълнително описание по предмет – тема | |
| 9 (RLIN) | 453342 |
| Основно описание – тема или топоним | Северна Македония - езикознание |
| 700 ## - Други автори (авторска отговорност) | |
| Лично име | Кочева-Лефеджиева, Ана Иванова |
| Автороска отговорност (Описва отношението между автора и произведението) | съавт. |
| 9 (RLIN) | 1445 |
| 852 ## - Местоположение | |
| Форматна сигнатура | Цб 305050 |
| 856 ## - Електронен адрес и достъп | |
| Инструкция (цена за достъп) | 0.00 |
| Права за достъп | disable |
| 999 ## - СИСТЕМНИ КОНТРОЛНИ НОМЕРА | |
| Koha biblionumber | 413919 |
| Koha biblioitemnumber | 413919 |
| 942 ## - АРТИКУЛИ | |
| Вид на библиотечния материал | Книги |
| Скрит в OPAC | Не |
| Периодичен библиозапис | Да |
| Koha issues (borrowed), all copies | 1 |
| 944 ## - СЪЗДАВАНЕ И РЕДАКЦИЯ на ЗАПИСА | |
| Създаване/Редакция | Създаване |
| Дата на регистрацията/редакция | 2021-05-13 |
| Служител, извършил регистрацията/редакцията | ВР |
| 999 ## - СИСТЕМНИ КОНТРОЛНИ НОМЕРА | |
| Koha biblioitemnumber | 413919 |
| 999 ## - СИСТЕМНИ КОНТРОЛНИ НОМЕРА | |
| Koha biblioitemnumber | 413919 |
| Код за отписване | Код за изгубен артикул | Източник на класификационната схема | Код за повреда | Коз за рестрикции | Код за отдаване | Артикулен № | Име на библиотеката - собственик | Име на библиотеката, в която се намира в момента | Статус (Текущо местоположение) | Дата на вписване в системата | Местоположение - отдел | Цена в лева | Систематично азбучна сигнатура | Баркод | Цена в евро | Служебен тип на артикула |
|---|---|---|---|---|---|---|---|---|---|---|---|---|---|---|---|---|
| Не е изгубен | Universal Decimal Classification | Не е повреден | само за читалня | ползва се в читалня | 830132 | Регионална библиотека "Любен Каравелов" Русе | Регионална библиотека "Любен Каравелов" Русе | Хранилище | 2021-05-17 | Хранилище | 8.00 | Цб 305050 | 120000854170 | 4.09 | Книги | |
| Не е изгубен | Universal Decimal Classification | Не е повреден | без рестрикции | заемане за дома | 843112 | Регионална библиотека "Любен Каравелов" Русе | Регионална библиотека "Любен Каравелов" Русе | Заемна - подръчен фонд | 2021-07-15 | Заемна - подръчен фонд | 12.00 | 811/З 12 | 120000857846 | 6.14 | Книги |